[Event "Titled Tuesday intern op 11th Oct Late"]
[Site "Chess.com INT"]
[Date "2022.10.11"]
[Round "11"]
[White "Rubio Tent, Francisco"]
[Black "Poltorak, Sebastian"]
[Result "1/2-1/2"]
[WhiteElo "2311"]
[BlackElo "2332"]
[PlyCount "130"]
[EventDate "2022.10.11"]
[EventType "swiss (blitz)"]
[EventRounds "11"]
[EventCountry "USA"]
[SourceTitle "EXT 2024"]
[Source "ChessBase"]
[SourceDate "2023.10.10"]
[SourceVersion "1"]
[SourceVersionDate "2023.10.10"]
[SourceQuality "1"]

1. e4 c5 2. Nf3 Nc6 3. d4 cxd4 4. Nxd4 Nf6 5. Nc3 e5 6. Ndb5 d6 7. Bg5 a6 8. Na3 b5 9. Nd5 Be7 10. Bxf6 Bxf6 11. c4 b4 12. Nc2 a5 13. g3 0-0 14. Qd3 g6 15. Bg2 Bg7 16. 0-0 Be6 17. Rad1 Qb8 18. b3 Qa7 19. Nde3 Rfd8 20. h4 a4 21. Kh2 Qc5 22. Bh3 axb3 23. axb3 Bxh3 24. Kxh3 Ra2 25. Ra1 Rda8 26. Rxa2 Rxa2 27. Ra1 Rxa1 28. Nxa1 Nd4 29. Nac2 Nf3 30. Qd1 Nd4 31. Nxd4 exd4 32. Nd5 Qc8+ 33. Kg2 Qe6 34. Qd3 Qe5 35. Nxb4 Qa5 36. Nc2 Qe5 37. b4 f5 38. exf5 gxf5 39. Kf3 d5 40. cxd5 Qxd5+ 41. Ke2 Kf7 42. b5 Ke6 43. Nb4 Qe4+ 44. Qxe4+ fxe4 45. f3 d3+ 46. Nxd3 exd3+ 47. Kxd3 Kf5 48. Ke3 Be5 49. f4 Bb8 50. Kf3 h5 51. b6 Bd6 52. b7 Bb8 53. Ke3 Ba7+ 54. Kd3 Bb8 55. Kd4 Ke6 56. Ke4 Kf6 57. Kd5 Kf5 58. Kc6 Ke6 59. Kc5 Ba7+ 60. Kc6 Bb8 61. Kc5 Ba7+ 62. Kc4 Bb8 63. Kd4 Kf6 64. Kd5 Kf5 65. Kc6 Ke6 1/2-1/2

[Event "Titled Tuesday intern op 11th Oct Late"]
[Site "Chess.com INT"]
[Date "2022.10.11"]
[Round "7"]
[White "Rubio Tent, Francisco"]
[Black "Rosen, Eric S"]
[Result "0-1"]
[WhiteElo "2311"]
[BlackElo "2356"]
[PlyCount "372"]
[EventDate "2022.10.11"]
[EventType "swiss (blitz)"]
[EventRounds "11"]
[EventCountry "USA"]
[SourceTitle "EXT 2024"]
[Source "ChessBase"]
[SourceDate "2023.10.10"]
[SourceVersion "1"]
[SourceVersionDate "2023.10.10"]
[SourceQuality "1"]

1. e4 e5 2. Nf3 Nf6 3. Nxe5 Nc6 4. Nxc6 dxc6 5. Nc3 Bc5 6. h3 h5 7. d3 Be6 8. Bg5 Bd4 9. Qd2 Qd6 10. Be3 0-0-0 11. 0-0-0 Kb8 12. f4 Qc5 13. Bxd4 Rxd4 14. e5 Nd5 15. Nxd5 Qxd5 16. b3 g5 17. fxg5 Qxe5 18. Kb1 h4 19. Be2 Rg8 20. Bf3 Rxg5 21. Rde1 Qg7 22. Bg4 Bxg4 23. hxg4 a5 24. Rxh4 Rd8 25. Rh7 Qg6 26. Rxf7 Rxg4 27. Rf2 b6 28. a4 Kb7 29. Qe2 Rg5 30. Qd2 Rgd5 31. Ree2 Qg7 32. Qe3 R5d7 33. Qe5 Qh7 34. Qe4 Qh1+ 35. Re1 Qh8 36. Qe5 Qg8 37. Qe6 Qh7 38. Qe4 Qg7 39. g4 Rd4 40. Qe5 Qxg4 41. Rfe2 Qd7 42. Qe6 Rd6 43. Qxd7 R8xd7 44. Kb2 c5 45. Re3 Kc6 46. Re4 Rg7 47. Rc4 Rg5 48. Rce4 Rgd5 49. Re7 Rd7 50. R1e2 R5d6 51. Rxd7 Kxd7 52. Kc3 Rd4 53. Rh2 Kc6 54. Rh6+ Kb7 55. Rg6 Rf4 56. Rh6 Kc8 57. Rh7 Rg4 58. Kb2 Kb7 59. Kc3 Rf4 60. Rh6 Rf7 61. Rh1 Rg7 62. Re1 Rh7 63. Re4 Rd7 64. Rh4 Rd6 65. Rg4 Kc6 66. Rh4 Rg6 67. Rf4 Rh6 68. Rg4 Rf6 69. Rh4 Kd6 70. Rg4 Re6 71. Rh4 Rg6 72. Rf4 Kd7 73. Rh4 Kc8 74. Rf4 Kb7 75. Rh4 Rd6 76. Rg4 Rd7 77. Rh4 Rg7 78. Rf4 c6 79. Rf6 Rd7 80. Rh6 Rg7 81. Rf6 Rd7 82. Re6 Rc7 83. Rd6 Rg7 84. Re6 Kc7 85. Rh6 Rd7 86. Rg6 Rf7 87. Rh6 Rd7 88. Rg6 Re7 89. Rh6 Kb7 90. Rg6 Rc7 91. Rh6 Rd7 92. Rg6 Rf7 93. Rh6 Kc7 94. Rg6 Rd7 95. Rh6 Rd6 96. Rh7+ Rd7 97. Rh6 Rg7 98. Rf6 Kd7 99. Rh6 Re7 100. Rg6 Re6 101. Rg7+ Kc8 102. Rf7 Rd6 103. Kd2 Kb8 104. Ke3 Kc8 105. Kd2 Rh6 106. Kc3 Rh2 107. Ra7 Kb8 108. Rg7 Rh6 109. Rg8+ Kb7 110. Rg7+ Ka6 111. Rf7 Rd6 112. Rc7 Re6 113. Kd2 Rf6 114. Ke3 Rh6 115. Kd2 Rh2+ 116. Kc3 Rh6 117. Kb2 Rg6 118. Kc1 Rf6 119. Kb2 Re6 120. Kc3 Rd6 121. Kb2 Rh6 122. Kc1 Rg6 123. Kd1 b5 124. axb5+ Kxb5 125. Rb7+ Ka6 126. Rb8 Rg7 127. Rc8 Kb7 128. Rh8 Kb6 129. Rh4 Kb5 130. Rc4 Rg1+ 131. Kd2 Ra1 132. Kc3 Rh1 133. Rg4 Ra1 134. Rg8 Rg1 135. Rb8+ Ka6 136. Kc4 Rg5 137. Rc8 Kb7 138. Rd8 Kb6 139. Rb8+ Kc7 140. Rh8 Kb6 141. Rh7 Rg4+ 142. Kc3 a4 143. bxa4 Rxa4 144. Rh5 Ra3+ 145. Kd2 Ra1 146. Rg5 Rh1 147. Rf5 Rh4 148. Kc3 Kb5 149. Rg5 Ra4 150. Kd2 Rh4 151. Rf5 Kb4 152. Rf8 c4 153. Rb8+ Kc5 154. dxc4 Kxc4 155. Rc8 c5 156. Rg8 Rh2+ 157. Kc1 Rh4 158. Rg3 Rf4 159. Kb2 Kb4 160. Rd3 c4 161. Re3 Rf1 162. Rg3 Rf4 163. Rh3 Rf5 164. Rg3 Rh5 165. Rf3 Rb5 166. Rg3 Rb6 167. Rh3 Rb7 168. Rg3 Rd7 169. Rh3 Rg7 170. Rf3 Re7 171. Rh3 Rf7 172. Rg3 Rb7 173. Rh3 Ra7 174. Rg3 Kc5 175. Rh3 Kb4 176. Rg3 Ra8 177. Rh3 Kc5 178. Rg3 Kb4 179. Rh3 Ra6 180. Rg3 Kc5 181. Rh3 Kb4 182. Rg3 Rh6 183. Rf3 Rh1 184. Rg3 Rf1 185. Rf3 Rxf3 186. c3+ Rxc3 0-1